00683nam a22002057a 450000500170000001000260001702000260004303500140006903500140008303700130009708200130011024501260012324600060024926000540025527000530030930000280036250000500039070000150044070000220045520230719122631.0 aENG-116511 ENG-137463 a9789350980866c895.00 aEN-100043 aEN-120995 bDBAD/PUB a337.5405 aConnecting India Asean :cedited by S. Narayan [and] Laldinkima Sailobopportunities and challenges in India, Northeast / a  aNew DelhibManohar Publisher & Distributorsc2014 a4753/23 Ansari Road,DaryaganjbNew Delhie110002 a298p. :c22cm (Hb)bill aIncludes bibliographical references and index aS. Narayan a Laldinkima Sailo